000 00575nam a2200241Ia 4500
003 OSt
005 20220924152419.0
006 a|||||r|||| 00| 0
007 ta
008 220923b |||||||| |||| 00| 0 mar d
020 _c3.50
024 _a342422
037 _cTextual
040 _aARTS
_cARTS
_bmar
041 _2mar
_amar
082 _aV2,8y7M98, 155K4
100 _aNagpure
_9226619
245 0 _aVivid darshan
260 _c1964
650 _aHISTORY
942 _hV2,8y7M98, 155K4
_cTEXL
_2CC
999 _c469757
_d469757